[Event "London Classic op U1600 11th"]
[Site "London"]
[Date "2019.12.01"]
[Round "4"]
[White "Soltysiak, Chris J"]
[Black "Siddharth, Lakshan"]
[Result "1/2-1/2"]
[WhiteElo "1577"]
[BlackElo "1386"]
[PlyCount "50"]
[EventDate "2019.11.29"]
[EventType "swiss"]
[EventRounds "5"]
[EventCountry "ENG"]
[SourceTitle "CBM 195 Extra"]
[Source "ChessBase"]
[SourceDate "2020.05.31"]
[SourceVersion "1"]
[SourceVersionDate "2020.05.31"]
[SourceQuality "1"]

1. d4 Nf6 2. c4 c5 3. d5 b5 4. cxb5 a6 5. e3 axb5 6. Bxb5 Qa5+ 7. Nc3 g6 8. a4 Bg7 9. Nge2 Ne4 10. Qd3 Nxc3 11. Nxc3 Ba6 12. Bd2 Bxb5 13. Nxb5 Qb6 14. Bc3 Bxc3+ 15. bxc3 0-0 16. 0-0 d6 17. c4 Nd7 18. Qc3 Qa5 19. Qxa5 Rxa5 20. Rfb1 Nb6 21. Nxd6 Nxd5 22. Nb7 Nc3 23. Rb3 Rxa4 24. Rxa4 Nxa4 25. Ra3 Nb2 1/2-1/2

[Event "London Classic U1600 op 10th"]
[Site "London"]
[Date "2018.12.16"]
[Round "4"]
[White "Soltysiak, Chris J"]
[Black "Agarwal, Aditi"]
[Result "1-0"]
[WhiteElo "1585"]
[BlackElo "1332"]
[PlyCount "105"]
[EventDate "2018.12.14"]
[EventType "swiss"]
[EventRounds "5"]
[EventCountry "ENG"]
[SourceTitle "CBM 187 Extra"]
[Source "ChessBase"]
[SourceDate "2018.11.04"]
[SourceVersion "1"]
[SourceVersionDate "2018.11.04"]
[SourceQuality "1"]

1. d4 d5 2. c4 c6 3. Nf3 Nf6 4. Nc3 Bf5 5. Bg5 e6 6. cxd5 cxd5 7. e3 Bb4 8. Qa4+ Nc6 9. Bb5 Bxc3+ 10. bxc3 0-0 11. Ne5 h6 12. Nxc6 bxc6 13. Bxc6 hxg5 14. Bxa8 Qc7 15. Qc6 Rc8 16. Qxc7 Rxc7 17. 0-0 Nd7 18. c4 Nb6 19. cxd5 Nxa8 20. dxe6 Bxe6 21. Rfc1 Rb7 22. Rab1 Nb6 23. a4 Rd7 24. a5 Nc4 25. Rb5 g4 26. Rc5 Rb7 27. d5 Bxd5 28. Rxd5 Rb2 29. h3 g3 30. Rf5 Nd6 31. Rf3 gxf2+ 32. Rxf2 Rb5 33. Rc7 Rxa5 34. Rd7 Rd5 35. Rxa7 Re5 36. Rf3 f6 37. g4 Nc4 38. Kf2 Nd2 39. Rf5 Ne4+ 40. Kf3 Ng5+ 41. Ke2 Re4 42. Rxg5 fxg5 43. Ra5 Kf7 44. Rxg5 Re6 45. Kf3 Kf6 46. Rf5+ Ke7 47. Kf4 Rh6 48. Kg3 Re6 49. Rf3 g5 50. h4 gxh4+ 51. Kxh4 Rf6 52. Rxf6 Kxf6 53. g5+ 1-0

[Event "London Classic U1600 op 10th"]
[Site "London"]
[Date "2018.12.15"]
[Round "3"]
[White "Muhunthan, Charukgan"]
[Black "Soltysiak, Chris J"]
[Result "1/2-1/2"]
[WhiteElo "1349"]
[BlackElo "1585"]
[PlyCount "58"]
[EventDate "2018.12.14"]
[EventType "swiss"]
[EventRounds "5"]
[EventCountry "ENG"]
[SourceTitle "CBM 187 Extra"]
[Source "ChessBase"]
[SourceDate "2018.11.04"]
[SourceVersion "1"]
[SourceVersionDate "2018.11.04"]
[SourceQuality "1"]

1. e4 Nf6 2. Nc3 d5 3. exd5 Nxd5 4. Bc4 Nb6 5. Bb3 g6 6. Qf3 e6 7. Nge2 Bg7 8. d3 N8d7 9. d4 Qf6 10. Qxf6 Nxf6 11. Bf4 c6 12. h3 Nbd5 13. Be5 0-0 14. Nxd5 exd5 15. Ng3 Nd7 16. Bxg7 Kxg7 17. 0-0-0 a5 18. c3 Nf6 19. Bc2 Bd7 20. Rde1 Rfe8 21. f3 b5 22. Kd2 Rxe1 23. Rxe1 Re8 24. Rxe8 Nxe8 25. a4 Nd6 26. axb5 Nc4+ 27. Ke2 cxb5 28. b3 Nd6 29. Nf1 b4 1/2-1/2